000
00284nam a2200121Ia 4500
008
190216s9999||||xx |||||||||||||| ||und||
100
_a
Thomas. A.O
245
0
_a
Modern Chemistry
260
_b
Scientific Book Co
_c
1999
300
_a
448p
650
_a
Chemistry-Chemistry
942
_c
BK
999
_c
2600
_d
2600